[Event "Capablanca Memorial Premier II 35th"]
[Site "Varadero"]
[Date "2000.05.16"]
[Round "8"]
[White "Arencibia, Juan Joel"]
[Black "Del Rio de Angelis, Salvador Gabriel"]
[Result "0-1"]
[WhiteElo "2425"]
[BlackElo "2463"]
[PlyCount "96"]
[EventDate "2000.05.07"]
[EventType "tourn"]
[EventRounds "13"]
[EventCountry "CUB"]
[EventCategory "8"]
[SourceTitle "CBM 076 Extra"]
[Source "ChessBase"]
[SourceDate "2000.07.11"]
[SourceVersion "1"]
[SourceVersionDate "2000.07.11"]
[SourceQuality "1"]

1. d4 Nf6 2. c4 e6 3. Nc3 c5 4. d5 exd5 5. cxd5 d6 6. Nf3 g6 7. e4 a6 8. a4 Bg4 9. Be2 Bxf3 10. Bxf3 Nbd7 11. 0-0 Bg7 12. Bg5 0-0 13. Qd2 Re8 14. Rae1 Qb6 15. Rb1 Qb4 16. Qc2 c4 17. Bf4 Ne5 18. Be2 Nfd7 19. b3 cxb3 20. Rxb3 Qa5 21. Bd2 Nc5 22. Rb2 Qd8 23. Qb1 Ned7 24. f3 Bxc3 25. Bxc3 Nxa4 26. Bd4 Nxb2 27. Qxb2 b5 28. Qb4 Qc7 29. Be3 Rac8 30. Rc1 Qb8 31. Ra1 Nc5 32. Bd4 Qc7 33. h4 Qe7 34. h5 Qh4 35. hxg6 hxg6 36. Qb2 Qf4 37. Bh8 Qe3+ 38. Kf1 Qh6 39. Bf6 Na4 40. Qb4 Rc1+ 41. Kf2 Rxa1 42. Bxa1 Qc1 43. Bd4 Nc5 44. Be3 Qc2 45. Qd4 b4 46. g4 b3 47. Bd2 b2 48. Bc3 Qxc3 0-1

[Event "Capablanca Memorial Premier II 35th"]
[Site "Varadero"]
[Date "2000.05.12"]
[Round "5"]
[White "Arencibia, Juan Joel"]
[Black "Leyva Proenza, Ricardo"]
[Result "1-0"]
[WhiteElo "2425"]
[BlackElo "2415"]
[PlyCount "109"]
[EventDate "2000.05.07"]
[EventType "tourn"]
[EventRounds "13"]
[EventCountry "CUB"]
[EventCategory "8"]
[SourceTitle "CBM 076 Extra"]
[Source "ChessBase"]
[SourceDate "2000.07.11"]
[SourceVersion "1"]
[SourceVersionDate "2000.07.11"]
[SourceQuality "1"]

1. d4 Nf6 2. c4 g6 3. Nf3 Bg7 4. g3 0-0 5. Bg2 c6 6. 0-0 d5 7. b3 Ne4 8. Bb2 a5 9. Nc3 Bf5 10. Nh4 Nxc3 11. Bxc3 Be6 12. Qd3 Nd7 13. Rfd1 Nf6 14. e3 a4 15. Rac1 axb3 16. axb3 Qb6 17. Rb1 Qa6 18. Bf1 Ne4 19. Be1 g5 20. Ng2 Bf5 21. cxd5 Qxd3 22. Bxd3 cxd5 23. Bb4 Ra2 24. Bxe7 Re8 25. Bb4 Bg4 26. Rf1 Nd2 27. Bxd2 Rxd2 28. Bb5 Rc8 29. Rfc1 Rxc1+ 30. Rxc1 Rb2 31. Ne1 Rxb3 32. Bf1 b5 33. Nd3 Bf8 34. Nc5 Rb4 35. Kg2 Bf5 36. Bd3 Bxd3 37. Nxd3 Rc4 38. Rb1 Rc3 39. Nb4 Rc4 40. Nxd5 b4 41. g4 Kg7 42. Kf3 Bd6 43. Ke4 Rc2 44. f3 Rxh2 45. Nxb4 h5 46. gxh5 Rxh5 47. Nd5 Rh3 48. Rb6 Ba3 49. Nf6 Bc1 50. Rc6 Rh4+ 51. Ng4 Ba3 52. Rc3 Bf8 53. Kf5 Rh3 54. e4 Be7 55. e5 1-0

[Event "Capablanca Memorial Premier II 35th"]
[Site "Varadero"]
[Date "2000.05.09"]
[Round "3"]
[White "Arencibia, Juan Joel"]
[Black "Matamoros Franco, Carlos S"]
[Result "0-1"]
[WhiteElo "2425"]
[BlackElo "2492"]
[PlyCount "156"]
[EventDate "2000.05.07"]
[EventType "tourn"]
[EventRounds "13"]
[EventCountry "CUB"]
[EventCategory "8"]
[SourceTitle "CBM 076 Extra"]
[Source "ChessBase"]
[SourceDate "2000.07.11"]
[SourceVersion "1"]
[SourceVersionDate "2000.07.11"]
[SourceQuality "1"]

1. d4 Nf6 2. c4 c5 3. e3 g6 4. Nc3 Bg7 5. Nf3 0-0 6. Be2 cxd4 7. exd4 d5 8. 0-0 Nc6 9. Re1 Be6 10. Ng5 Bf5 11. Be3 dxc4 12. Bxc4 Na5 13. Bf1 Nd5 14. Qf3 Nxe3 15. fxe3 e5 16. Qg3 exd4 17. Rad1 h6 18. Nf3 d3 19. e4 Be6 20. Rxd3 Qb6+ 21. Qf2 Qxf2+ 22. Kxf2 Nc4 23. b3 Ne5 24. Nxe5 Bxe5 25. Nd5 Kg7 26. g3 Rac8 27. Nf4 Bg4 28. Be2 Rc2 29. Ke3 Bc8 30. Rd2 Rxd2 31. Kxd2 Rd8+ 32. Ke3 g5 33. Nd5 Be6 34. Bf3 Rc8 35. Kd3 Rd8 36. Ke3 h5 37. Rd1 Kh6 38. Rd2 h4 39. g4 Bf4+ 40. Nxf4 gxf4+ 41. Ke2 Rxd2+ 42. Kxd2 h3 43. e5 b6 44. Kd3 Kg5 45. Kd4 Bxg4 46. Bd5 Be6 47. Bf3 a5 48. Be2 a4 49. bxa4 Bxa2 50. Bf3 Bb3 51. Bc6 Kg4 52. Ke4 Be6 53. Be8 f3 54. Ke3 Kf5 55. Kxf3 Kxe5 56. Kg3 Ke4 57. Bb5 Ke3 58. Bc6 f6 59. Bb5 f5 60. Kxh3 f4+ 61. Kh4 f3 62. Kg3 f2 63. h4 Bf7 64. Kg4 Be8 65. Bf1 Bxa4 66. h5 Bd1+ 67. Kh4 Be2 68. h6 Bxf1 69. h7 Bd3 70. h8Q f1Q 71. Qe5+ Be4 72. Qc3+ Qd3 73. Qe1+ Kf3 74. Qg3+ Ke2 75. Qh2+ Kf1 76. Qf4+ Kg1 77. Qc1+ Qf1 78. Qg5+ Bg2 0-1

[Event "CUB-ch sf"]
[Site "Holguin"]
[Date "1999.??.??"]
[Round "?"]
[White "Arencibia, Juan Joel"]
[Black "Quesada, Roberto Jr"]
[Result "1-0"]
[WhiteElo "2450"]
[BlackElo "2200"]
[PlyCount "51"]
[EventDate "1999.??.??"]
[EventType "tourn"]
[EventRounds "11"]
[EventCountry "CUB"]
[SourceTitle "EXT 2004"]
[Source "ChessBase"]
[SourceDate "2003.11.25"]
[SourceVersion "1"]
[SourceVersionDate "2003.11.25"]
[SourceQuality "1"]

1. d4 Nf6 2. c4 c5 3. e3 g6 4. Nc3 Bg7 5. Nf3 0-0 6. Be2 cxd4 7. exd4 d5 8. 0-0 Nc6 9. Re1 dxc4 10. Bxc4 b6 11. a3 Bb7 12. Ba2 e6 13. Bg5 Ne7 14. Ne5 h6 15. Bxf6 Bxf6 16. Qg4 Kh7 17. Rad1 Bg7 18. Nxf7 Rxf7 19. Qxe6 Rxf2 20. Kxf2 Bxd4+ 21. Ke2 Ba6+ 22. Bc4 Bxc4+ 23. Qxc4 Nf5 24. Qf7+ Ng7 25. Ne4 Rc8 26. Kd2 1-0

[Event "Capablanca Memorial Elite 30th"]
[Site "Matanzas"]
[Date "1995.??.??"]
[Round "7"]
[White "Arencibia, Juan Joel"]
[Black "Lima, Darcy Gustavo Macha"]
[Result "1-0"]
[WhiteElo "2435"]
[BlackElo "2505"]
[PlyCount "94"]
[EventDate "1995.05.??"]
[EventType "tourn"]
[EventRounds "13"]
[EventCountry "CUB"]
[EventCategory "11"]
[SourceTitle "CBM 048"]
[Source "ChessBase"]
[SourceDate "1995.10.01"]
[SourceVersion "1"]
[SourceVersionDate "1995.10.01"]
[SourceQuality "1"]

1. d4 d5 2. c4 dxc4 3. Nf3 c5 4. e3 cxd4 5. exd4 Be6 6. Nc3 Nf6 7. Be2 Nc6 8. 0-0 Nd5 9. Re1 Nxc3 10. bxc3 Bd5 11. Nd2 b5 12. a4 a6 13. Bf3 Rc8 14. axb5 axb5 15. Rb1 Rb8 16. Nxc4 bxc4 17. Rxb8 Nxb8 18. Qa4+ Nc6 19. Bxd5 Qxd5 20. Re5 Qd6 21. Ba3 Qg6 22. h3 h5 23. d5 Rh6 24. d6 Qb1+ 25. Kh2 Qb7 26. dxe7 Bxe7 27. Rxe7+ Qxe7 28. Bxe7 Kxe7 29. Qxc4 Ke8 30. Qd5 Ke7 31. h4 Ke8 32. c4 Ke7 33. Qg5+ Kf8 34. Kg1 Kg8 35. Qc5 Kh7 36. Qe3 Rf6 37. Qg5 Rh6 38. f3 Kg8 39. Kf2 Kf8 40. Kf1 Kg8 41. Qf5 Kf8 42. Qc8+ Ke7 43. Qg8 Rg6 44. Qh7 Ne5 45. c5 Nd3 46. Qxh5 Rxg2 47. Qf5 Rf2+ 1-0

[Event "Capablanca Memorial Elite 30th"]
[Site "Matanzas"]
[Date "1995.??.??"]
[Round "10"]
[White "Arencibia, Juan Joel"]
[Black "Miles, Anthony John"]
[Result "1/2-1/2"]
[WhiteElo "2435"]
[BlackElo "2615"]
[PlyCount "117"]
[EventDate "1995.05.??"]
[EventType "tourn"]
[EventRounds "13"]
[EventCountry "CUB"]
[EventCategory "11"]
[SourceTitle "CBM 048"]
[Source "ChessBase"]
[SourceDate "1995.10.01"]
[SourceVersion "1"]
[SourceVersionDate "1995.10.01"]
[SourceQuality "1"]

1. d4 d6 2. c4 e5 3. Nf3 e4 4. Ng5 f5 5. Nh3 Nf6 6. Nc3 c6 7. g3 Na6 8. Bg2 Be7 9. 0-0 0-0 10. f3 Nc7 11. Qb3 Ne6 12. Be3 Kh8 13. Rad1 d5 14. cxd5 cxd5 15. Rc1 b6 16. Ng5 Nc7 17. Bf4 Nfe8 18. Nh3 Bb7 19. Be5 Bd6 20. f4 Ne6 21. Bxd6 Nxd6 22. e3 Nc4 23. Rfe1 Rc8 24. Nb1 Qd7 25. Bf1 Ba6 26. Qb4 Qb7 27. b3 Nb2 28. Bxa6 Qxa6 29. Nf2 Nd3 30. Nxd3 Qxd3 31. Qd2 Qa6 32. a4 g5 33. Kf2 gxf4 34. gxf4 Qb7 35. Qb4 Qd7 36. Nc3 Qd8 37. Ke2 Qh4 38. Qd6 Qxh2+ 39. Kd1 Ng7 40. Re2 Qh5 41. Qxd5 Rfd8 42. Qb5 Rc5 43. Qb4 Ne6 44. Na2 Rcd5 45. Rc4 Nc5 46. Nc1 Rg8 47. Kc2 Nd7 48. Qe7 Re8 49. Qg5 Qf7 50. Na2 Rd6 51. Kb2 Rg8 52. Qh4 Nf6 53. Nc3 a6 54. Rc2 Ng4 55. Nd1 Rh6 56. Qe1 Qd5 57. Rc8 Rhg6 58. Rxg8+ Qxg8 59. Qb4 1/2-1/2

[Event "Capablanca Memorial Elite 30th"]
[Site "Matanzas"]
[Date "1995.??.??"]
[Round "1"]
[White "Arencibia, Juan Joel"]
[Black "Van Wely, Loek"]
[Result "0-1"]
[WhiteElo "2435"]
[BlackElo "2575"]
[PlyCount "88"]
[EventDate "1995.05.??"]
[EventType "tourn"]
[EventRounds "13"]
[EventCountry "CUB"]
[EventCategory "11"]
[SourceTitle "CBM 048"]
[Source "ChessBase"]
[SourceDate "1995.10.01"]
[SourceVersion "1"]
[SourceVersionDate "1995.10.01"]
[SourceQuality "1"]

1. d4 Nf6 2. Nf3 g6 3. Bf4 Bg7 4. e3 0-0 5. h3 c5 6. c3 d6 7. Nbd2 b6 8. a4 a6 9. Be2 Bb7 10. 0-0 Nbd7 11. Bh2 Ra7 12. Re1 Qa8 13. Bd3 Ne4 14. Nxe4 Bxe4 15. Bxe4 Qxe4 16. Qe2 Rc8 17. Kf1 Nf6 18. Nd2 Qc2 19. Nf3 Qxe2+ 20. Kxe2 cxd4 21. exd4 Nd5 22. Kd3 Rb7 23. Ke4 Nf6+ 24. Kd3 b5 25. Bf4 Nd5 26. Bc1 Rbc7 27. axb5 axb5 28. Bd2 b4 29. Rec1 bxc3 30. bxc3 e5 31. c4 Nb6 32. c5 dxc5 33. dxe5 c4+ 34. Ke2 Nd5 35. Ra5 Rd7 36. Ra4 c3 37. Be3 Rb7 38. Ra2 Rcb8 39. Kf1 Rb2 40. Raa1 Rc8 41. Ra5 Nxe3+ 42. fxe3 c2 43. Ke2 Rb1 44. Kd2 Bf8 0-1

[Event "CUB-ch"]
[Site "Holguin"]
[Date "1991.??.??"]
[Round "10"]
[White "Arencibia, Juan Joel"]
[Black "Vera Gonzalez Quevedo, Reynaldo"]
[Result "1/2-1/2"]
[WhiteElo "2400"]
[BlackElo "2465"]
[PlyCount "20"]
[EventDate "1991.10.??"]
[EventType "swiss"]
[EventRounds "11"]
[EventCountry "CUB"]
[SourceTitle "EXT 1997"]
[Source "ChessBase"]
[SourceDate "1996.11.15"]
[SourceVersion "1"]
[SourceVersionDate "1996.11.15"]
[SourceQuality "1"]

1. Nf3 Nf6 2. c4 c5 3. e3 e6 4. d4 b6 5. Nc3 cxd4 6. exd4 d5 7. cxd5 Nxd5 8. Bb5+ Bd7 9. Bd3 Nxc3 10. bxc3 Qc7 1/2-1/2

[Event "CUB-ch"]
[Site "Holguin"]
[Date "1991.??.??"]
[Round "6"]
[White "Becerra Rivero, Julio"]
[Black "Arencibia, Juan Joel"]
[Result "1/2-1/2"]
[WhiteElo "2310"]
[BlackElo "2400"]
[PlyCount "30"]
[EventDate "1991.10.??"]
[EventType "swiss"]
[EventRounds "11"]
[EventCountry "CUB"]
[SourceTitle "EXT 1999"]
[Source "ChessBase"]
[SourceDate "1998.11.16"]
[SourceVersion "1"]
[SourceVersionDate "1998.11.16"]
[SourceQuality "1"]

1. e4 e6 2. d4 d5 3. Nd2 c5 4. exd5 exd5 5. Ngf3 Nf6 6. c3 Be7 7. dxc5 Bxc5 8. Nb3 Be7 9. Bd3 0-0 10. h3 h6 11. 0-0 Bd6 12. Re1 Nc6 13. Nbd4 Re8 14. Rxe8+ Qxe8 15. Be3 Bd7 1/2-1/2

[Event "CUB-ch"]
[Site "Holguin"]
[Date "1991.??.??"]
[Round "9"]
[White "Nogueiras Santiago, Jesus"]
[Black "Arencibia, Juan Joel"]
[Result "0-1"]
[WhiteElo "2540"]
[BlackElo "2400"]
[PlyCount "76"]
[EventDate "1991.10.??"]
[EventType "swiss"]
[EventRounds "11"]
[EventCountry "CUB"]
[SourceTitle "EXT 1999"]
[Source "ChessBase"]
[SourceDate "1998.11.16"]
[SourceVersion "1"]
[SourceVersionDate "1998.11.16"]
[SourceQuality "1"]

1. Nf3 d5 2. g3 c5 3. Bg2 Nc6 4. c4 e6 5. 0-0 Nf6 6. b3 Be7 7. e3 0-0 8. Bb2 b6 9. Nc3 Bb7 10. cxd5 Nxd5 11. Nxd5 Qxd5 12. d4 Nb4 13. Nh4 Qd7 14. dxc5 Qxd1 15. Rfxd1 Bxg2 16. Kxg2 Bxc5 17. a3 Nd5 18. e4 Nf6 19. Bxf6 gxf6 20. b4 Be7 21. Rd7 Rfe8 22. Rc1 a5 23. Rcc7 axb4 24. axb4 Kf8 25. Rb7 Rab8 26. Rdc7 Rec8 27. Rxc8+ Rxc8 28. Rxb6 Rc4 29. Rb8+ Kg7 30. b5 Rxe4 31. Kf3 Rb4 32. Ng2 Rb3+ 33. Ne3 Bc5 34. h3 f5 35. g4 f4 36. Rc8 Bd6 37. Rc6 Be5 38. Rc5 Bd4 0-1

[Event "CUB-ch"]
[Site "St Spiritus"]
[Date "1989.??.??"]
[Round "6"]
[White "Aldama Degurnay, Dionisio"]
[Black "Arencibia, Juan Joel"]
[Result "0-1"]
[WhiteElo "2141"]
[BlackElo "2405"]
[PlyCount "52"]
[EventDate "1989.??.??"]
[EventType "swiss"]
[EventRounds "11"]
[EventCountry "CUB"]
[SourceTitle "EXT 1997"]
[Source "ChessBase"]
[SourceDate "1996.11.15"]
[SourceVersion "1"]
[SourceVersionDate "1996.11.15"]
[SourceQuality "1"]

1. e4 c6 2. d4 d5 3. Nd2 dxe4 4. Nxe4 Nf6 5. Ng3 h5 6. h4 Na6 7. Nf3 Bg4 8. Be2 Nc7 9. 0-0 e6 10. Bg5 Be7 11. Qd2 Nh7 12. Bxe7 Qxe7 13. Rfe1 0-0-0 14. Rad1 Bxf3 15. Bxf3 Qxh4 16. Re4 Qe7 17. Bxh5 g6 18. Be2 f5 19. Re5 Qh4 20. Nf1 Nf6 21. f3 g5 22. c4 g4 23. Qe1 g3 24. Qxg3 Qh1+ 25. Kf2 Rdg8 26. Ne3 Qh6 0-1

[Event "CUB-ch"]
[Site "St Spiritus"]
[Date "1989.??.??"]
[Round "3"]
[White "Arencibia, Juan Joel"]
[Black "Sieiro Gonzalez, Luis"]
[Result "1/2-1/2"]
[WhiteElo "2405"]
[BlackElo "2395"]
[PlyCount "113"]
[EventDate "1989.??.??"]
[EventType "swiss"]
[EventRounds "11"]
[EventCountry "CUB"]
[SourceTitle "EXT 1997"]
[Source "ChessBase"]
[SourceDate "1996.11.15"]
[SourceVersion "1"]
[SourceVersionDate "1996.11.15"]
[SourceQuality "1"]

1. Nf3 d5 2. d4 e6 3. c4 Nf6 4. Nc3 Be7 5. e3 0-0 6. Bd3 dxc4 7. Bxc4 a6 8. a4 c5 9. 0-0 Nc6 10. Qd3 cxd4 11. exd4 b6 12. Be3 Bb7 13. Rad1 Na5 14. Ba2 Bxf3 15. gxf3 Nc6 16. Qd2 Nb4 17. Bb3 Nbd5 18. Kh1 Qd7 19. Rg1 Rfd8 20. Bf4 Nxc3 21. bxc3 Qb7 22. Qe2 b5 23. Be5 Rac8 24. Ba2 g6 25. axb5 axb5 26. Rb1 Qa8 27. Rgc1 Nd5 28. Bxd5 Rxd5 29. Kg2 Qc6 30. Rb3 f6 31. Bg3 Kf7 32. Rcb1 Qc4 33. Qxc4 Rxc4 34. Rxb5 Rxb5 35. Rxb5 Rxc3 36. Bf4 g5 37. Be3 Rc7 38. h3 Rd7 39. Kf1 f5 40. f4 gxf4 41. Bxf4 Rxd4 42. Be3 Rd5 43. Rb7 Ke8 44. Rb8+ Rd8 45. Rxd8+ Bxd8 46. f4 Kd7 47. Ke2 Kc6 48. Kf3 Bb6 49. Bd2 Kd5 50. Bc3 Kc4 51. Be1 Kd3 52. Bb4 Bd4 53. Ba5 Bc3 54. Bb6 Kd2 55. Be3+ Ke1 56. Bf2+ Kf1 57. Bb6 1/2-1/2

[Event "CUB-ch"]
[Site "St Spiritus"]
[Date "1989.??.??"]
[Round "8"]
[White "Gomez Segura, Adalberto"]
[Black "Arencibia, Juan Joel"]
[Result "1-0"]
[WhiteElo "2385"]
[BlackElo "2405"]
[PlyCount "101"]
[EventDate "1989.??.??"]
[EventType "swiss"]
[EventRounds "11"]
[EventCountry "CUB"]
[SourceTitle "EXT 1997"]
[Source "ChessBase"]
[SourceDate "1996.11.15"]
[SourceVersion "1"]
[SourceVersionDate "1996.11.15"]
[SourceQuality "1"]

1. d4 Nf6 2. c4 e6 3. Nc3 Bb4 4. Bd2 0-0 5. e3 d5 6. Nf3 c5 7. dxc5 Bxc5 8. Rc1 Nc6 9. Be2 Qe7 10. 0-0 a6 11. Qc2 Ba7 12. a3 Bd7 13. Rfd1 Rac8 14. cxd5 exd5 15. Be1 Be6 16. Qa4 Rfd8 17. Qh4 h6 18. h3 Qf8 19. Qa4 Qe7 20. Bf1 Rd6 21. Ne2 Re8 22. Ned4 Bd7 23. Qb3 Bc8 24. Rc2 Ne4 25. Rdc1 Qf6 26. Bb4 Nxd4 27. exd4 Rdd8 28. Ba5 b6 29. Rc6 Qf4 30. Bxb6 Bxb6 31. Qxb6 Bxh3 32. Qc7 Qf5 33. R6c2 f6 34. Qa5 Bg4 35. Nh2 Bh5 36. g3 Bg6 37. Bg2 Qe6 38. Re2 Qd6 39. Rce1 h5 40. Nf3 Bf7 41. Nh4 Rb8 42. Qa4 Red8 43. Qc2 Qb6 44. Nf5 Qb3 45. Ne7+ Kf8 46. Bxe4 dxe4 47. Qxe4 Bc4 48. Re3 Qb5 49. Qh7 Re8 50. Ng6+ Kf7 51. Re7+ 1-0

[Event "Sagua la Grande"]
[Site "Sagua la Grande"]
[Date "1989.??.??"]
[Round "12"]
[White "Martin Del Campo C, Roberto Abel"]
[Black "Arencibia, Juan Joel"]
[Result "1-0"]
[WhiteElo "2455"]
[BlackElo "2405"]
[PlyCount "89"]
[EventDate "1989.??.??"]
[EventType "tourn"]
[EventRounds "13"]
[EventCountry "CUB"]
[EventCategory "4"]
[SourceTitle "EXT 1997"]
[Source "ChessBase"]
[SourceDate "1996.11.15"]
[SourceVersion "1"]
[SourceVersionDate "1996.11.15"]
[SourceQuality "1"]

1. e4 e6 2. d3 d5 3. Nd2 Nf6 4. Ngf3 Nc6 5. c3 a5 6. Be2 dxe4 7. dxe4 e5 8. Bb5 Bd6 9. 0-0 0-0 10. Qc2 Qe7 11. Re1 Bd7 12. a4 h6 13. Nc4 Nb8 14. Bxd7 Nbxd7 15. Nh4 Nc5 16. g3 Qe6 17. Nxd6 cxd6 18. c4 Rfc8 19. f3 Na6 20. b3 Nb4 21. Qd1 Ra6 22. Nf5 Rcc6 23. Re2 Kh7 24. Rb1 Ng8 25. Bd2 Rcb6 26. Bc3 Ne7 27. Ne3 Qc8 28. Kg2 Qc5 29. Be1 Qc7 30. Bf2 Ra8 31. Nc2 Rba6 32. Nxb4 axb4 33. Rd2 Qc6 34. Qc2 g6 35. Rbd1 Re8 36. c5 dxc5 37. Qxc5 Qxc5 38. Bxc5 Rc6 39. Bxb4 Rb6 40. Bc5 Rc6 41. Ba3 Kg7 42. Rd7 Ng8 43. Rxb7 Rc2+ 44. Kh3 Nf6 45. Be7 1-0

[Event "Sagua la Grande"]
[Site "Sagua la Grande"]
[Date "1989.??.??"]
[Round "6"]
[White "Ortega, Lexy"]
[Black "Arencibia, Juan Joel"]
[Result "1-0"]
[WhiteElo "2400"]
[BlackElo "2405"]
[PlyCount "71"]
[EventDate "1989.??.??"]
[EventType "tourn"]
[EventRounds "13"]
[EventCountry "CUB"]
[EventCategory "4"]
[SourceTitle "EXT 1997"]
[Source "ChessBase"]
[SourceDate "1996.11.15"]
[SourceVersion "1"]
[SourceVersionDate "1996.11.15"]
[SourceQuality "1"]

1. Nf3 Nf6 2. c4 c6 3. g3 g6 4. b3 Bg7 5. Bb2 0-0 6. Bg2 d5 7. 0-0 a5 8. d3 Na6 9. a3 Bf5 10. Nbd2 Re8 11. Qc2 Qd6 12. Be5 Qe6 13. Rfe1 Bg4 14. Bc3 Nc7 15. h3 Bxf3 16. Nxf3 Rec8 17. Nd2 Qd6 18. Qb2 Ne6 19. Be5 Qd8 20. d4 Ne8 21. Bxg7 N8xg7 22. e3 Nf5 23. b4 axb4 24. axb4 Nc7 25. b5 dxc4 26. bxc6 b5 27. Ne4 e6 28. Red1 Nd6 29. Nc5 f5 30. Rxa8 Rxa8 31. d5 exd5 32. Bxd5+ Nxd5 33. Rxd5 Qe7 34. Qd4 Ne8 35. Nd7 Ra1+ 36. Qxa1 1-0

[Event "Eger Agria op"]
[Site "Eger"]
[Date "1989.??.??"]
[Round "?"]
[White "Pinkas, Karol"]
[Black "Arencibia, Juan Joel"]
[Result "0-1"]
[WhiteElo "2350"]
[BlackElo "2395"]
[PlyCount "60"]
[EventDate "1989.??.??"]
[EventType "swiss"]
[EventRounds "9"]
[EventCountry "HUN"]
[SourceTitle "EXT 2004"]
[Source "ChessBase"]
[SourceDate "2003.11.25"]
[SourceVersion "1"]
[SourceVersionDate "2003.11.25"]
[SourceQuality "1"]

1. e4 e6 2. d4 d5 3. Nc3 Bb4 4. e5 c5 5. a3 Ba5 6. b4 cxd4 7. Nb5 Bc7 8. f4 Nh6 9. Nf3 Nc6 10. Nfxd4 Nxd4 11. Nxd4 0-0 12. Bd3 f6 13. Qh5 Nf5 14. Bxf5 exf5 15. exf6 Qxf6 16. c3 a5 17. b5 Bb6 18. Be3 Bd7 19. Qf3 Qd6 20. 0-0 Rac8 21. Bf2 Rfe8 22. Qd3 Re4 23. g3 a4 24. Ra2 Rc4 25. Rb1 Qc7 26. Qd1 Rxc3 27. Qxa4 Rc4 28. Rb4 Bxd4 29. b6 Bxf2+ 30. Rxf2 Qc6 0-1

[Event "CUB-ch"]
[Site "St Spiritus"]
[Date "1989.??.??"]
[Round "4"]
[White "Sariego Figueredo, Wilfredo"]
[Black "Arencibia, Juan Joel"]
[Result "1-0"]
[WhiteElo "2380"]
[BlackElo "2405"]
[PlyCount "27"]
[EventDate "1989.??.??"]
[EventType "swiss"]
[EventRounds "11"]
[EventCountry "CUB"]
[SourceTitle "EXT 1997"]
[Source "ChessBase"]
[SourceDate "1996.11.15"]
[SourceVersion "1"]
[SourceVersionDate "1996.11.15"]
[SourceQuality "1"]

1. e4 e6 2. d4 d5 3. Nc3 Bb4 4. Bd3 Ne7 5. Qg4 0-0 6. e5 c5 7. Nf3 Nf5 8. Bg5 f6 9. exf6 Rxf6 10. Bxf6 Qxf6 11. 0-0 Nh6 12. Qh5 Bd7 13. a3 Ba5 14. b4 1-0

[Event "Sagua la Grande"]
[Site "Sagua la Grande"]
[Date "1989.??.??"]
[Round "3"]
[White "Vilela de Acuna, Jose Luis"]
[Black "Arencibia, Juan Joel"]
[Result "0-1"]
[WhiteElo "2405"]
[BlackElo "2405"]
[PlyCount "37"]
[EventDate "1989.??.??"]
[EventType "tourn"]
[EventRounds "13"]
[EventCountry "CUB"]
[EventCategory "4"]
[SourceTitle "EXT 1997"]
[Source "ChessBase"]
[SourceDate "1996.11.15"]
[SourceVersion "1"]
[SourceVersionDate "1996.11.15"]
[SourceQuality "1"]

1. e4 e6 2. d4 d5 3. Nd2 c5 4. exd5 exd5 5. Ngf3 Nf6 6. Bb5+ Bd7 7. Bxd7+ Nbxd7 8. 0-0 Be7 9. dxc5 Nxc5 10. Nb3 Nce4 11. Nfd4 Qd7 12. Qf3 0-0 13. Qf5 Qa4 14. c3 Rfe8 15. Qh3 Bf8 16. Nf5 b5 17. Nbd4 b4 18. f3 Nc5 19. Qg3 0-1

[Event "CUB-ch"]
[Site "Cuba"]
[Date "1988.??.??"]
[Round "?"]
[White "Arencibia, Juan Joel"]
[Black "Rodriguez Cespedes, Amador"]
[Result "1/2-1/2"]
[WhiteElo "2350"]
[BlackElo "2550"]
[PlyCount "110"]
[EventDate "1988.10.??"]
[EventType "swiss"]
[EventRounds "10"]
[EventCountry "CUB"]
[SourceTitle "TD"]
[Source "ChessBase"]
[SourceDate "1994.03.01"]
[SourceVersion "1"]
[SourceVersionDate "1994.03.01"]
[SourceQuality "1"]

1. d4 Nf6 2. c4 e6 3. Nc3 Bb4 4. a3 Bxc3+ 5. bxc3 c5 6. f3 Nc6 7. e4 d6 8. Be3 b6 9. Bd3 Qd7 10. f4 Ba6 11. e5 Ng8 12. Nf3 Nge7 13. 0-0 d5 14. dxc5 bxc5 15. Bxc5 Bxc4 16. Bxc4 dxc4 17. Qe2 Nd5 18. Ng5 Nce7 19. Ne4 0-0 20. Qxc4 Qc6 21. Qd4 Nf5 22. Qf2 Rfc8 23. Rac1 Rc7 24. Rfe1 h5 25. c4 Nb6 26. Bd6 Rcc8 27. c5 Nd5 28. g3 a6 29. Qf3 g6 30. Rcd1 Kg7 31. Rb1 Ra7 32. Qf2 Rb7 33. Rb2 Rxb2 34. Qxb2 Nde3 35. Qb1 Qd5 36. Re2 h4 37. Rd2 Qc6 38. Qd3 Rh8 39. g4 Nxg4 40. Qf3 Nge3 41. Rd3 Nd5 42. Nc3 Nxd6 43. cxd6 Qb6+ 44. Kg2 h3+ 45. Kf1 Nxc3 46. Rxc3 Qb1+ 47. Kf2 Rb8 48. Re3 Qc1 49. Re1 Rb2+ 50. Re2 Rb1 51. Kg3 Qd1 52. Re3 Qg1+ 53. Kxh3 Rb2 54. Re2 Qd1 55. Re3 Qg1 1/2-1/2

[Event "CUB-ch"]
[Site "Cuba"]
[Date "1988.??.??"]
[Round "?"]
[White "Arencibia, Juan Joel"]
[Black "Vera Gonzalez Quevedo, Reynaldo"]
[Result "1/2-1/2"]
[WhiteElo "2350"]
[BlackElo "2455"]
[PlyCount "34"]
[EventDate "1988.10.??"]
[EventType "swiss"]
[EventRounds "10"]
[EventCountry "CUB"]
[SourceTitle "TD"]
[Source "ChessBase"]
[SourceDate "1994.03.01"]
[SourceVersion "1"]
[SourceVersionDate "1994.03.01"]
[SourceQuality "1"]

1. d4 Nf6 2. c4 g6 3. Nc3 d5 4. Nf3 Bg7 5. e3 0-0 6. Bd2 dxc4 7. Bxc4 Nc6 8. 0-0 Bg4 9. Be2 Nd7 10. h3 Bxf3 11. Bxf3 e5 12. d5 Ne7 13. e4 Nc8 14. Be3 Nd6 15. Be2 a6 16. a4 Qh4 17. a5 Rad8 1/2-1/2

[Event "CUB-ch"]
[Site "Cuba"]
[Date "1988.??.??"]
[Round "?"]
[White "Lugo, Blas"]
[Black "Arencibia, Juan Joel"]
[Result "1/2-1/2"]
[WhiteElo "2305"]
[BlackElo "2350"]
[PlyCount "123"]
[EventDate "1988.10.??"]
[EventType "swiss"]
[EventRounds "10"]
[EventCountry "CUB"]
[SourceTitle "TD"]
[Source "ChessBase"]
[SourceDate "1994.03.01"]
[SourceVersion "1"]
[SourceVersionDate "1994.03.01"]
[SourceQuality "1"]

1. e4 e6 2. d4 d5 3. Nc3 Bb4 4. e5 Ne7 5. Qg4 c5 6. dxc5 Bxc3+ 7. bxc3 0-0 8. Bd3 Nd7 9. Nf3 f5 10. exf6 Nxf6 11. Qh4 Nc6 12. 0-0 e5 13. Bb5 Qa5 14. Bxc6 bxc6 15. c4 e4 16. Nd2 Ba6 17. Nb3 Qc3 18. Be3 Bxc4 19. Bd4 Qb4 20. Rfb1 Rae8 21. c3 Qa4 22. Qg3 Qa6 23. h3 Bd3 24. Re1 Qb7 25. Qh4 Qf7 26. Nc1 Ba6 27. Rb1 Nh5 28. Ne2 Re6 29. Be3 Rf6 30. Nd4 Nf4 31. Red1 Nd3 32. Rd2 Nxc5 33. Nb3 Nd3 34. Nc5 Nxc5 35. Bxc5 Re8 36. Rdb2 Bd3 37. Re1 Rg6 38. Re3 h6 39. Rg3 Rxg3 40. Qxg3 Kh7 41. Bd4 Bb5 42. Qe3 a6 43. Rb4 a5 44. Rb1 a4 45. Re1 Bc4 46. a3 Rb8 47. Qg3 Re8 48. Qd6 Re6 49. Qd8 Qe7 50. Qxe7 Rxe7 51. Rb1 Bb3 52. Kf1 Kg6 53. Ke2 Rb7 54. Ke3 Rb5 55. c4 dxc4 56. Rb2 Rg5 57. g3 Rf5 58. Kxe4 Rf8 59. Rd2 Re8+ 60. Be5 Re7 61. Rd6+ Kf7 62. Rxc6 1/2-1/2